| 000 | 00577cam a2200205 a 4500 | ||
|---|---|---|---|
| 003 | OSt | ||
| 005 | 20260413120020.0 | ||
| 008 | 030103s2003 ii a b 001 0 eng | ||
| 020 | _a8180280063 | ||
| 040 | _cHDL | ||
| 041 | _dEnglish | ||
| 082 | _a294.5 P3 | ||
| 100 | 1 |
_aNicholas, Ralph W. _91234729 |
|
| 245 | 1 | 0 |
_aFruits of worship : _bpractical religion in Bengal / _cRalph W. Nicholas. |
| 260 |
_aNew Delhi : _bChronicle Books ; _c2003. |
||
| 300 | _a248 p. | ||
| 520 | _aWith reference to Hinduism in West Bengal. | ||
| 942 |
_2CC _cTEXL _n0 |
||
| 999 |
_c1848250 _d1848250 |
||